• 首页
  • 本馆介绍
  • 公告通知
  • 最新文献
  • 馆藏检索
  • 电子资源
  • 读者导购
  • 参考咨询
  • 我的图书馆
  • 登录
  • 详细信息显示
  • 放入我的书架
  • 预约/预借图书
  • 作者相关作品
  • 分类相关作品
  • 丛书相关作品
  • 出版社相关作品

书目信息

  • 表格格式
  • 工作单格式
  • 卡片格式
题名:
民俗典籍文字研究中心论文选集
    
 
作者: 李运富 主编
分册: 第二集  
出版信息: 北京   中华书局  2013.3
页数: 436页
开本: 24cm
丛书名: 民俗典籍文字研究中心丛刊
单 册:
中图分类: K203-53
科图分类:
主题词: 传统文化--中国--文集
电子资源:
ISBN: 978-7-101-09180-9
000 01339oam2 2200265 45
001 1359668781
005 20130529092357.23
010    @a978-7-101-09180-9@dCNY86.00
100    @a20130513d2013 em y0chiy0121 ea
101 0  @achi
102    @aCN@b110000
105    @aak a 000yy
106    @ar
200 1  @a民俗典籍文字研究中心论文选集@AMin Su Dian Ji Wen Zi Yan Jiu Zhong Xin Lun Wen Xuan Ji@h第二集@HDi Er Ji@f本集主编李运富@FBen Ji Zhu Bian Li Yun Fu
210    @a北京@c中华书局@d2013.3
215    @a436页@c图@d24cm
225 2  @a民俗典籍文字研究中心丛刊
320    @a有书目
330    @a北京师范大学民俗典籍文字研究中心是教育部国家人文社会科学重点研究基地之一, 建于2000年9月。其学术目标是将我国民俗学之父钟敬文先生开创的民俗学, 以著名文献学家启功先生为学术带头人的典籍文献学和由章黄学派重要继承人陆宗达先生创立的传统语言文字学结合在一起, 从上、下层文化和语言文字载体三方面整理和阐释中国传统文化, 研究中国传统文化自下而上或自上而下传承与演变的规律, 继承、弘扬祖国优秀文化遗产。本书是该是中心第二本《论文选集》, 收录关于汉字整理与规范、汉字理论与应用、词汇与训诂、文献与汉语史、音韵学、民俗学等文章三十三篇。
461  0 @12001 @a民俗典籍文字研究中心丛刊
606 0  @a传统文化@y中国@j文集
690    @aK203-53@v5
701  0 @a李运富@ALi Yun Fu@4主编
801    @aCN@bTANGWEI@c20130522
905    @b0832830-35@dK203-53@e143@f6
    
    民俗典籍文字研究中心论文选集.第二集/本集主编李运富.-北京:中华书局,2013.3
    436页:图;24cm.-(民俗典籍文字研究中心丛刊)
    
    
    ISBN 978-7-101-09180-9:CNY86.00
    北京师范大学民俗典籍文字研究中心是教育部国家人文社会科学重点研究基地之一, 建于2000年9月。其学术目标是将我国民俗学之父钟敬文先生开创的民俗学, 以著名文献学家启功先生为学术带头人的典籍文献学和由章黄学派重要继承人陆宗达先生创立的传统语言文字学结合在一起, 从上、下层文化和语言文字载体三方面整理和阐释中国传统文化, 研究中国传统文化自下而上或自上而下传承与演变的规律, 继承、弘扬祖国优秀文化遗产。本书是该是中心第二本《论文选集》, 收录关于汉字整理与规范、汉字理论与应用、词汇与训诂、文献与汉语史、音韵学、民俗学等文章三十三篇。
●
相关链接 在E读中查询图书 在五车中查询图书 在当当中查询图书 在豆瓣中查询图书


正题名:民俗典籍文字研究中心论文选集     索取号:K203-53/143         预约/预借

序号 登录号 条形码 馆藏地/架位号 状态 备注
1 0832830   208328308   第二样本阅览室/ [索取号:K203-53/143] 在馆    
2 0832831   208328317   密集书库-史法系/ [索取号:K203-53/143] 在馆    
3 0832832   208328326   第二借阅区/ [索取号:K203-53/143] 在馆    
4 0832833   208328335   第二借阅区/ [索取号:K203-53/143] 在馆    
5 0832834   208328344   第二借阅区/ [索取号:K203-53/143] 在馆    
6 0832835   208328353   密集书库-史法系/ [索取号:K203-53/143] 在馆    
唐山师范学院图书馆 欢迎您!
大连网信软件有限公司© 版权所有